00627nam a2200145Ia 4500008004100000050002800041100002700069245011100096260008600207300002800293521002300321942000700344999001900351952011100370140724s9999 xx 000 0 und d aPN 1992.95b.Al325 2009 aAlba, Mario Ernesto A. 2aA Video documentary on the persistence of Talaandig Tribe's Beliefs and practice /cMario Ernesto A. Alba. aLas Piñas, Philippines :bSouthville International School and Colleges,cc2009. a72 p. :bill. ;c28 cm. aMass Communication cTH c228876d228876 001040aCLbCLcTHESESd2014-07-24l0oPN 1992.95 .Al325 2009pT0230r2018-05-15 00:00:00w2014-07-24yTH